Akta Kualiti Alam Sekeliling & Peraturan-peraturan (Akta 127) (Record no. 4935)

000 -LEADER
fixed length control field 00504nam a22001577a 4500
005 - DATE AND TIME OF LATEST TRANSACTION
control field 20220414075909.0
008 - FIXED-LENGTH DATA ELEMENTS--GENERAL INFORMATION
fixed length control field 220414b2022 my ||||| |||| 00| 0 may d
020 ## - INTERNATIONAL STANDARD BOOK NUMBER
International Standard Book Number 9789677010895
Terms of availability RM 42.00
040 ## - CATALOGING SOURCE
Original cataloging agency AKMAL
082 ## - DEWEY DECIMAL CLASSIFICATION NUMBER
Classification number 344.595046 MAL
090 ## - LOCALLY ASSIGNED LC-TYPE CALL NUMBER (OCLC); LOCAL CALL NUMBER (RLIN)
Classification number (OCLC) (R) ; Classification number, CALL (RLIN) (NR) 344.595046
Local cutter number (OCLC) ; Book number/undivided call number, CALL (RLIN) MAL
245 ## - TITLE STATEMENT
Title Akta Kualiti Alam Sekeliling & Peraturan-peraturan (Akta 127)
Statement of responsibility, etc. Mengandungi segala pindaan hingga Ogos 2015, Dicetak pada Jun 2021.
260 ## - PUBLICATION, DISTRIBUTION, ETC.
Place of publication, distribution, etc. Kuala Lumpur
Name of publisher, distributor, etc. MDC
Date of publication, distribution, etc. 2021
300 ## - PHYSICAL DESCRIPTION
Extent 412 pg
Dimensions 26cm
942 ## - ADDED ENTRY ELEMENTS (KOHA)
Source of classification or shelving scheme
Koha item type Book
Holdings
Withdrawn status Lost status Source of classification or shelving scheme Damaged status Not for loan Collection code Home library Current library Shelving location Date acquired Inventory number Total Checkouts Full call number Barcode Date last seen Price effective from Koha item type
          NON-FICTION AKMAL Melaka AKMAL Melaka PINJAMAN 14.04.2022 011447   344.595046 MAL 201708113 14.04.2022 14.04.2022 Book
Pusat Sumber Maklumat Dato' Haji Sarmin Md Hussin, Akademi Kastam Diraja Malaysia, Melaka
Tel: 06-2331106 | Faks: 06-2313787